000 00551nam a22001577a 4500
999 _c13054
_d13054
008 190207b ||||| |||| 00| 0 eng d
020 _a971-542-454-6
082 _22005
_aDFil 808.84
_bG57c
100 _aGomez, Nikki Rivera.
_98096
245 _aBeyond edsa, through tales of the dessert/
_cNikki Rivera Gomez.
260 _aQuezon City:
_bThe University of the Philippines Press,
_c©2005
300 _axiv, page 35-39;
_c23 cm.
650 _aCollection of essays
_zMindanao
_98097
650 _aEssay collections, Mindanao.
_98098
942 _2ddc
_cDFIL